| 000 | 00648nam a2200229Ia 4500 | ||
|---|---|---|---|
| 005 | 20250508163552.0 | ||
| 008 | 008 250505s9999 xx 000 0 eng d | ||
| 020 | _a0 19 562731 8 | ||
| 037 | _aTextual | ||
| 040 |
_aFEDL _beng _cFEDL |
||
| 041 |
_aeng _2eng |
||
| 084 |
_a330, BAS _qFEDL |
||
| 100 | _aBasu Kaushik | ||
| 245 | 0 | _aEconomic graffiti: Essays for everyone | |
| 260 |
_aBombay, India _bOxford University Press _c1991 |
||
| 300 | _avi, 209 p. | ||
| 365 |
_aINR _b75 |
||
| 546 | _aAcc. No. 083059 is MACESE book. Price Rs. 100.00 | ||
| 650 | _aEconomics | ||
| 942 |
_cTEXL _h330, BAS |
||
| 999 |
_c1384136 _d1384136 |
||